Using Microsoft PowerPoint : a how-to-do-it manual for librarians /

Enregistré dans:
Détails bibliographiques
Autres auteurs: Crawford, Gregory A.
Format: Livre
Langue:anglais
Publié: New York : Neal-Schuman, c1998.
Collection:How-to-do-it manuals for libraries ; no. 87.
Sujets:
Tags: Ajouter un tag
Pas de tags, Soyez le premier à ajouter un tag!

MARC

LEADER 00000cam a2200000 a 4500
001 2616326
003 MU
005 20220714122321.0
008 980721s1998 nyua 001 0 eng
010 |a  98033771  
020 |a 1555703410 (p. 4 of cover)  |z 0156670341  |c Tzs 10,000/= 
040 |a MU Library  |c MU Library  |d MU Library  |b eng.  |e AACR 
050 0 0 |a Z678.93.G73  |b U85 1998 
082 0 0 |a 025. 002855369 USI  |2 22  |b 1 
245 0 0 |a Using Microsoft PowerPoint :  |b a how-to-do-it manual for librarians /  |c Gregory A. Crawford ... [et al.]. 
260 |a New York :  |b Neal-Schuman,  |c c1998. 
300 |a x, 219 p. :  |b ill. ;  |c 28 cm. 
490 1 |a How-to-do-it manuals for librarians ;  |v no. 87 
500 |a Includes index. 
630 0 0 |a Microsoft PowerPoint (Computer file) | Libraries -- Data processing | Libraries -- Data processing. 
650 0 |a Libraries  |x Data processing. 
650 0 |a Presentation graphics software. 
700 1 |a Crawford, Gregory A. 
830 0 |a How-to-do-it manuals for libraries ;  |v no. 87. 
906 |a 7  |b cbc  |c orignew  |d 1  |e ocip  |f 19  |g y-gencatlg 
942 |2 ddc  |c BK  |n 0 
999 |c 169  |d 169